000 00412nam a2200145Ia 4500
008 211109s9999||||xx |||||||||||||| ||und||
082 _a894.812 4
_bKUT-N
100 _aKuttipuzha, Krishna Pillai
245 0 _aNavadarsanam
260 _bCurrent Books
_aTrichur
_c1967
300 _a120p.
630 _xGeneral Stack
650 _aLITERATURE
_vMALAYALAM LITERATURE
_xMALAYALAM ESSAYSESSAYMalayalam
942 _cBOOK
999 _c72739
_d72739